Kennzeichen Österreichs auf einer Karte - Statistiken

Allgemein
  • Dieses Quiz wurde 2.416 mal gespielt
  • Das Durchschnittsergebnis liegt bei 64 aus 107
Antworten auf der Karte
Die Antworten werden auf der Karte rot bzw. grün angezeigt, abhängig davon wie oft sie richtig erraten wurden.
 
Antwortstatistiken
Bundesland
Abk.
Abschaffung Kennzeichenträger % Korrekt
Wien W Wien
94%
Steiermark G Graz
90%
Steiermark GU Graz-Umgebung
90%
Oberösterreich L Linz
90%
Oberösterreich LL Linz-Land
90%
Salzburg S Salzburg
90%
Salzburg SL Salzburg-Umgebung
90%
Tirol I Innsbruck
89%
Tirol IL Innsbruck-Land
89%
Vorarlberg B Bregenz
87%
Kärnten K Klagenfurt am Wörthersee
87%
Kärnten KL Klagenfurt-Land
87%
Burgenland E Eisenstadt & Rust
86%
Burgenland EU Eisenstadt Umgebung
86%
Niederösterreich P | PL St. Pölten
84%
Kärnten VI Villach
82%
Kärnten VL Villach-Land
82%
Vorarlberg DO Dornbirn
78%
Vorarlberg FK Feldkirch
77%
Oberösterreich WE Wels
73%
Oberösterreich WL Wels-Land
73%
Niederösterreich AM Amstetten
72%
Tirol KU Kufstein
71%
Salzburg ZE Zell am See
71%
Niederösterreich GD Gmünd
70%
Salzburg HA Hallein
69%
Niederösterreich WB | WN Wiener Neustadt
69%
Tirol LZ Lienz
68%
Salzburg JO Sankt Johann im Pongau
68%
Vorarlberg BZ Bludenz
66%
Oberösterreich BR Braunau am Inn
66%
Tirol KB Kitzbühel
66%
Niederösterreich TU Tulln
66%
Niederösterreich BL Bruck an der Leitha
64%
Steiermark BM 2013 Bruck an der Mur
64%
Niederösterreich KR Krems
63%
Niederösterreich KS Krems an der Donau
63%
Kärnten SP Spittal an der Drau
63%
Oberösterreich GM Gmunden
62%
Tirol IM Imst
62%
Niederösterreich MD Mödling
62%
Oberösterreich VB Vöcklabruck
62%
Steiermark LN Leoben (ohne die Stadt)
61%
Steiermark LE Leoben (Stadt)
61%
Burgenland ND Neusiedl am See
61%
Oberösterreich RI Ried im Innkreis
60%
Niederösterreich BN Baden
58%
Steiermark LI Liezen
58%
Burgenland MA Mattersburg
58%
Burgenland OW Oberwart
58%
Kärnten WO Wolfsberg
58%
Niederösterreich KO Korneuburg
57%
Niederösterreich ME Melk
57%
Oberösterreich SR Steyr
55%
Oberösterreich SE Steyr-Land
55%
Steiermark WZ Weiz
55%
Niederösterreich ZT Zwettl
55%
Steiermark DL Deutschlandsberg
54%
Kärnten FE Feldkirchen
54%
Steiermark HB 2013 Hartberg
54%
Niederösterreich HL Hollabrunn
54%
Steiermark LB Leibnitz
54%
Tirol SZ Schwaz
53%
Niederösterreich WT Waidhofen an der Thaya
53%
Niederösterreich WY Waidhofen an der Ybbs
53%
Steiermark MU Murau
52%
Oberösterreich UU Urfahr-Umgebung
52%
Burgenland OP Oberpullendorf
51%
Kärnten SV Sankt Veit an der Glan
51%
Oberösterreich EF Eferding
50%
Oberösterreich FR Freistadt
50%
Kärnten HE Hermagor
50%
Niederösterreich SW Schwechat
50%
Salzburg TA Tamsweg
50%
Burgenland JE Jennersdorf
49%
Niederösterreich MI Mistelbach
49%
Steiermark MT Murtal
49%
Niederösterreich NK Neunkirchen
49%
Oberösterreich PE Perg
49%
Tirol RE Reutte
49%
Niederösterreich GF Gänserndorf
48%
Burgenland GS Güssing
48%
Steiermark JU 2012 Judenburg
48%
Steiermark VO Voitsberg
48%
Kärnten VK Völkermarkt
48%
Niederösterreich HO Horn
47%
Tirol LA Landeck
47%
Steiermark FF 2013 Fürstenfeld
46%
Oberösterreich SD Schärding
45%
Niederösterreich KG Klosterneuburg
44%
Niederösterreich LF Lilienfeld
44%
Oberösterreich RO Rohrbach
44%
Steiermark SO Südoststeiermark
43%
Oberösterreich GR Grieskirchen
42%
Steiermark MZ 2013 Mürzzuschlag
41%
Steiermark HF Hartberg-Fürstenfeld
40%
Oberösterreich KI Kirchdorf
39%
Niederösterreich SB Scheibbs
38%
Niederösterreich WU 2017 Wien-Umgebung
37%
Steiermark GB Gröbming
35%
Steiermark BA 2011 Bad Aussee
27%
Steiermark BM Bruck-Mürzzuschlag
27%
Steiermark FB 2013 Feldbach
25%
Steiermark RA 2013 Radkersburg
21%
Steiermark KF 2012 Knittelfeld
18%
Keine übereinstimmenden Quizze gefunden
Verteilung der Resultate
Anzahl Personen mit jedem Resultat
Perzentil nach korrekt beantworteten Fragen
Ihre Resultats-Entwicklung
Sie haben dieses Quiz noch nicht gespielt